Fußballvereinsname zur Stadt - Europa - Statistiken

Allgemein
  • Dieses Quiz wurde 171 mal gespielt
    170 seit der letzten Aktualisierung
  • Das Durchschnittsergebnis liegt bei 13 aus 15
Antwortstatistiken
Hint Antwort % Korrekt
Ajax Amsterdam
97%
Saint-Germain Paris
96%
Lazio Rom
96%
Juventus Turin
96%
Benfica Lissabon
94%
Panathinaikos Athen
93%
Schachtar Donezk
90%
Besiktas Istanbul
90%
Tottenham London
87%
Betis Sevilla
83%
Everton Liverpool
82%
Hellas Verona
81%
Ferencvaros Budapest
78%
Excelsior Rotterdam
73%
Villa Birmingham
70%
Keine übereinstimmenden Quizze gefunden
Verteilung der Resultate
Anzahl Personen mit jedem Resultat
Perzentil nach korrekt beantworteten Fragen
Ihre Resultats-Entwicklung
Sie haben dieses Quiz seit der letzten Aktualisierung nicht gespielt